| 000 | 00737nam a22002057a 4500 | ||
|---|---|---|---|
| 003 | SISC | ||
| 005 | 20191118093334.0 | ||
| 008 | 170518b xxu||||| |||| 00| 0 eng d | ||
| 020 | _a9780128051016 | ||
| 050 |
_aQA 76.76.D47 _b.F297 2016 |
||
| 100 | _aFeigenbaum, Thomas D. | ||
| 245 |
_aBuilding intelligent information systems software : _bintroducing the unit modeler development technology / _cThomas D. Feigenbaum. |
||
| 260 |
_aAmsterdam, _bElsevier, _c2016. |
||
| 300 |
_axix, 287 pages : _billustrations ; _c23 cm. |
||
| 500 | _aIncludes appendix and index. | ||
| 650 | _aComputer software -- Development. | ||
| 650 | _aSoftware architecture -- Methods. | ||
| 650 | _aModel-driven software architecture. | ||
| 942 |
_2lcc _cBK |
||
| 999 |
_c335150 _d335150 |
||